000 00547nam a2200181 a 4500
001 000024287
005 20200930022859.0
008 110125s1961 sp a r 000 0 spa d
040 _aDO-SdBNP
_bspa
_cBNPHU
082 _axxxxxx
_bS256f
100 1 _aSaumells, Roberto
_949851
245 1 0 _aFundamentos de matemática y de física /
_cRoberto Saumells.
250 _a2a ed.
260 _aMadrid :
_bRialp,
_c1961.
300 _a227 p. :
_bil. ;
_c18 cm.
500 _aIncluye referencia biográfica del autor en la contracubierta.
049 _aBNGR
999 _c23781
_d23781